[Event "Zolochiv Autumn 4th"]
[Site "Zolochiv"]
[Date "2017.10.31"]
[Round "1"]
[White "Smirnov, Oleksandr"]
[Black "Polyakov, Maxim"]
[Result "0-1"]
[WhiteElo "2113"]
[BlackElo "2400"]
[PlyCount "60"]
[EventDate "2017.10.31"]
[EventType "swiss"]
[EventRounds "9"]
[EventCountry "UKR"]
[SourceTitle "EXT 2019"]
[Source "ChessBase"]
[SourceDate "2018.10.10"]
[SourceVersion "1"]
[SourceVersionDate "2018.10.10"]
[SourceQuality "1"]

1. e4 c5 2. Nf3 d6 3. d4 cxd4 4. Nxd4 Nf6 5. Nc3 a6 6. Be3 e5 7. Nb3 Be6 8. f3 Nbd7 9. Qd2 b5 10. 0-0-0 Be7 11. g4 0-0 12. g5 Ne8 13. Nd5 Bxd5 14. exd5 Nc7 15. h4 a5 16. Nxa5 Qb8 17. Kb1 Re8 18. h5 Ra6 19. Nc6 Qa8 20. a3 Bf8 21. Bd3 Nxd5 22. Nb4 Nxb4 23. Qxb4 d5 24. Qd2 Bxa3 25. bxa3 Rxa3 26. Qb4 e4 27. fxe4 dxe4 28. Bxb5 Ra1+ 29. Kb2 Qa2+ 30. Kc3 Rc8+ 0-1